000 00482nam a2200157Ia 4500
008 100122s9999 xx 000 0 und d
082 _b45449
_a110
100 _aबेलसरे केशव वि
245 _aअध्यात्मदर्शन
250 _a2
260 _bत्रिदल प्रकाशन
_c1991
300 _a488
630 _aअध्यात्मदर्शन
730 _aअध्यात्मदर्शन
942 _cBOOK
999 _c424918
_d424915